书目信息 |
| 题名: |
装饰美术字
|
|
| 作者: | 张志林 编绘 | |
| 分册: | ||
| 出版信息: | 上海 上海人民美术出版社 1983.02 |
|
| 页数: | 155页 | |
| 开本: | 13cm | |
| 丛书名: | ||
| 单 册: | ||
| 中图分类: | J292.13 | |
| 科图分类: | ||
| 主题词: | 书法--中国 , 篆刻--中国 | |
| 电子资源: | ||
| ISBN: | ||
| 000 | 00592nam0 2200217 45 | |
| 001 | 0309231672 | |
| 005 | 20031219104115.5 | |
| 010 | @dCNY0.42 | |
| 091 | @a8081.13074 | |
| 100 | @a20030923d1983 km y0chiy0120 ea | |
| 101 | 0 | @achi |
| 105 | @aa z 000yy | |
| 200 | 1 | @a装饰美术字@AZhuang Shi Mei Shu Zi@f张志林编绘@FZhang Zhi Lin Bian Hui |
| 210 | @a上海@c上海人民美术出版社@d1983.02 | |
| 215 | @a155页@d13cm | |
| 606 | 0 | @a书法@x中国 |
| 606 | 0 | @a篆刻@x中国 |
| 690 | @aJ292.13@v3 | |
| 701 | 0 | @a张志林@4编绘 |
| 801 | @aCN@bTSTC@c20030923 | |
| 905 | @f1@b228740@f1@b228741@dJ292.13@e227 | |
| 装饰美术字/张志林编绘.-上海:上海人民美术出版社,1983.02 |
| 155页;13cm |
| ISBN :CNY0.42 |
| ● |
| 相关链接 |
|
|
|
|
正题名:装饰美术字
索取号:J292.13/227
 
预约/预借
| 序号 | 登录号 | 条形码 | 馆藏地/架位号 | 状态 | 备注 |
| 1 | 0228740 | 001847782 | 密集书库/ [索取号:J292.13/227] | 在馆 | |
| 2 | 0228741 | 001847773 | 密集书库/ [索取号:J292.13/227] | 在馆 |